| 000 | 00327nam a22001337a 4500 | ||
|---|---|---|---|
| 020 | _a9788177583250 | ||
| 082 | _a515.15 THO/CA | ||
| 100 |
_aGeorge B Thomas,Jr. _aRoss L.Finney |
||
| 245 | _aCalculus and analytic geometry | ||
| 250 | _a9th ed | ||
| 260 |
_aNew Delhi _bPearson Education _c2011 |
||
| 300 | _a1157 | ||
| 942 | _cBK | ||
| 999 |
_c13814 _d13814 |
||